|
|
|
|
| LEADER |
00000cam a2200000 a 4500 |
| 001 |
vtls009846653 |
| 003 |
SK-MaSNL |
| 005 |
20260301183034.0 |
| 008 |
240314s2009 xo a g 000 1 slo |
| 015 |
|
|
|a SNBA2009/10-05339
|
| 020 |
|
|
|a 9788097016968
|q (viaz.)
|
| 035 |
|
|
|a (SVKBBclas03)vtls000314260
|
| 035 |
|
|
|a urn:nbn:sk:snk-amk6l0
|
| 035 |
|
|
|a urn:nbn:sk:snk-am008css
|
| 035 |
|
|
|a D62EF432-2772-40CF-8D1A-C1E910A1E2B7
|
| 040 |
|
|
|a SNK
|b slo
|c SNK
|e AACR2
|
| 041 |
0 |
|
|a slo
|
| 044 |
|
|
|a xo
|c SK
|
| 072 |
|
7 |
|a 821.162.4-3
|x Slovenská próza
|2 konspekt
|
| 080 |
|
|
|a 821.162.4-3
|2 2001
|
| 080 |
|
|
|a (0:82-36)
|2 2001
|
| 100 |
1 |
|
|a Osvald, Jozef,
|d 1936-
|4 aut
|9 125650
|
| 245 |
1 |
0 |
|a Šibalstvá, huncútstva a príbehy štiavnického Nácka
|c Jozef Osvald a kolektív ; [ilustrácie Igor Lackovič]
|
| 250 |
|
|
|a 1. vyd.
|
| 260 |
|
|
|a Banská Štiavnica
|b Banskoštiavnicko-hodrušský banícky spolok
|c 2009
|
| 300 |
|
|
|a 151 s.
|b ilustr.
|c 20 cm
|
| 500 |
|
|
|a Slovník
|
| 504 |
|
|
|a Bibliogr. s. 151
|
| 655 |
|
7 |
|a slovenská próza
|2 SNKPH
|9 104890
|
| 655 |
|
7 |
|a anekdoty
|2 SNKPH
|9 70417
|
| 700 |
1 |
|
|a Lackovič, Igor,
|d 1944-
|4 com
|9 125651
|
| 919 |
|
|
|a 978-80-970169-6-8
|
| 958 |
|
|
|a LX
|
| 958 |
|
|
|a NB
|
| 958 |
|
|
|a OND
|
| 968 |
|
|
|d 821
|
| 999 |
|
|
|c 855653
|d 857583
|
| 952 |
|
|
|a SNK
|b SNK
|y PREZ
|7 0
|p 17A0632784
|o snkSC 137349
|i snk2009/17764
|8 0
|0 0
|1 0
|4 0
|d 2009-10-02
|l 0
|r 2025-07-04 00:00:00
|w 2026-02-24
|
| 952 |
|
|
|a SNK
|b SNK
|y VYP
|7 0
|p 17A0632785
|o snkSC 137349 D1
|i snk2009/17765
|8 0
|0 0
|1 0
|4 0
|d 2009-10-02
|f 1
|l 0
|r 2026-02-24 04:55:30
|w 2026-02-24
|